Bảo trì sửa chữa máy in Laser
Guardat en:
| Format: | Llibre |
|---|---|
| Idioma: | Undetermined |
| Publicat: |
H.
Thanh niên
2004
|
| Matèries: | |
| Etiquetes: |
Afegir etiqueta
Sense etiquetes, Sigues el primer a etiquetar aquest registre!
|
| Thư viện lưu trữ: | Trung tâm Học liệu Trường Đại học Cần Thơ |
|---|
| LEADER | 00512nam a2200193Ia 4500 | ||
|---|---|---|---|
| 001 | CTU_60103 | ||
| 008 | 210402s9999 xx 000 0 und d | ||
| 020 | |b 26000 | ||
| 082 | |a 681.62 | ||
| 082 | |b T550 | ||
| 245 | 0 | |a Bảo trì sửa chữa máy in Laser | |
| 245 | 0 | |c Lê Phụng Long biên dịch | |
| 260 | |a H. | ||
| 260 | |b Thanh niên | ||
| 260 | |c 2004 | ||
| 650 | |a printers | ||
| 650 | |x maintenance and repair | ||
| 904 | |i Minh | ||
| 980 | |a Trung tâm Học liệu Trường Đại học Cần Thơ | ||